Văn hóa dân gian Việt Nam: Những thành tố
Sách giới thiệu những vấn đề lý luận về thành tố văn hóa dân gian đồng thời từ những khảo cứu các thành tố văn hóa dân gian, sách khảo sát những đặc điểm môi trường của văn hóa dân gian đó với những tư liệu dẫn chứng của một sô...
Gardado en:
| Autor Principal: | |
|---|---|
| Formato: | Libro |
| Idioma: | Undetermined |
| Publicado: |
Hà Nội
VHTT
1999
|
| Những chủ đề: | |
| Các nhãn: |
Engadir etiqueta
Sen Etiquetas, Sexa o primeiro en etiquetar este rexistro!
|
| Thư viện lưu trữ: | Trung tâm Học liệu Trường Đại học Cần Thơ |
|---|
| LEADER | 00999nam a2200181Ia 4500 | ||
|---|---|---|---|
| 001 | CTU_37317 | ||
| 008 | 210402s9999 xx 000 0 und d | ||
| 082 | |a 390.09597 | ||
| 082 | |b C107 | ||
| 100 | |a Lê Ngọc Canh | ||
| 245 | 0 | |a Văn hóa dân gian Việt Nam: Những thành tố | |
| 245 | 0 | |c Lê Ngọc Canh | |
| 260 | |a Hà Nội | ||
| 260 | |b VHTT | ||
| 260 | |c 1999 | ||
| 520 | |a Sách giới thiệu những vấn đề lý luận về thành tố văn hóa dân gian đồng thời từ những khảo cứu các thành tố văn hóa dân gian, sách khảo sát những đặc điểm môi trường của văn hóa dân gian đó với những tư liệu dẫn chứng của một số tộc người ở Việt Nam. | ||
| 650 | |a folk literature, vietnamese,folklore - vietnam,manners and customs - vietnam,vietnam - civilization | ||
| 980 | |a Trung tâm Học liệu Trường Đại học Cần Thơ | ||